Dominicana (Record no. 486033)

000 -CABECERA
Campo de control de longitud fija 00471nam a22001697a 4500
001 - NÚMERO DE CONTROL
Campo de control Rev1398
003 - IDENTIFICADOR DEL NÚMERO DE CONTROL
Campo de control ES-SlBCS
005 - FECHA Y HORA DE LA ÚLTIMA TRANSACCIÓN
Campo de control 20231003013003.0
008 - CÓDIGOS DE INFORMACIÓN DE LONGITUD FIJA
Campo de control de longitud fija 200709b xxu||||| |||| 00| 0 spa d
040 ## - FUENTE DE LA CATALOGACIÓN
Centro catalogador del origen ES-SlBCS
Lengua de catalogación spa
245 00 - MENCIÓN DE TÍTULO
Título Dominicana
Resto del título : a quarterly Theology Phylophofy the Arts
260 ## - PUBLICACIÓN, DISTRIBUCIÓN, ETC... (PIE DE IMPRENTA)
Lugar de publicación, distribución, etc. Washington D.C. :
Nombre del editor, distribuidor, etc. [S.n.]
Fecha de publicación, distribución, etc. , 19?
300 ## - DESCRIPCIÓN FÍSICA
Extensión v. ;
Dimensiones 23 cm
650 #4 - PUNTO DE ACCESO ADICIONAL DE MATERIA-TÉRMINO DE MATERIA
Término de materia o nombre geográfico como elemento inicial Teología
Subdivisión de forma Publicaciones periódicas
9 (RLIN) 1589
866 ## - MENCIÓN TEXTUAL DE LOS FONDOS-UNIDAD BIBLIOGRÁFICA BÁSICA
Cadena textual (1949-57)
942 ## - ENTRADA DE ELEMENTOS AGREGADOS (KOHA)
Fuente de clasificaión o esquema
Koha [por defecto] tipo de item Revistas
Temas Koha (prestados), todas las copias 1
Holdings
Suprimido Perdido Fuente de clasificación o esquema Estropeado No para préstamo Localización permanente Localización actual Localización en estantería Fecha adquisición Serie de enumeración / cronológica Préstamos totales Número de Registro / Código de Barras Fecha última consulta Fecha del precio de reemplazo Tipo de item de Koha Fecha último préstamo
          San Esteban San Esteban Depósito de revistas 09/07/2020 1949/34/4   DQTP-1949/34/4 09/07/2020 09/07/2020 Revistas  
          San Esteban San Esteban Depósito de revistas 09/07/2020 1950/35/2,3,4   DQTP-1950/35/2,3,4 09/07/2020 09/07/2020 Revistas  
          San Esteban San Esteban Depósito de revistas 09/07/2020 1951/36/2,4   DQTP-1951/36/2,4 09/07/2020 09/07/2020 Revistas  
          San Esteban San Esteban Depósito de revistas 09/07/2020 1952/37/1,2,3   DQTP-1952/37/1,2,3 09/07/2020 09/07/2020 Revistas  
          San Esteban San Esteban Depósito de revistas 09/07/2020 1953/38/1,2,3   DQTP-1953/38/1,2,3 09/07/2020 09/07/2020 Revistas  
          San Esteban San Esteban Depósito de revistas 09/07/2020 1954/39/1,2   DQTP-1954/39/1,2 09/07/2020 09/07/2020 Revistas  
          San Esteban San Esteban Depósito de revistas 09/07/2020 1955/40   DQTP-1955/40 09/07/2020 09/07/2020 Revistas  
          San Esteban San Esteban Depósito de revistas 09/07/2020 1956/41 1 DQTP-1956/41 05/12/2023 09/07/2020 Revistas 02/10/2023
          San Esteban San Esteban Depósito de revistas 09/07/2020 1957/42   DQTP-1957/42 09/07/2020 09/07/2020 Revistas  

Bibliotecas Dominicos Provincia Hispania, 2016

Con tecnología Koha